Recent advances in cytology and genetics / (رقم التسجيلة. 31307)

تفاصيل مارك
000 -الفاتح
حقل البيانات ثابتة الطول 01010cam a22002894a 4500
001 - رقم الضبط
رقم الضبط 4047690
003 - محدد رقم الضبط
رقم الضبط OSt
005 - وقت وتاريخ اخر تعامل مع التسجيلة
رقم الضبط 20150408114143.0
008 - عناصر البيانات ثابتة الطول - معلومات عامة
حقل البيانات ثابتة الطول 131017s2013 iia b 001 0 eng c
010 ## - رقم ضبط مكتبة الكونجرس
رقم ضبط مكتبة الكونجرس 99015300
020 ## - الرقم الدولى المعيارى للكتب
الرقم الدولى المعيارى للكتاب 9789382220381
040 ## - مصدر الفهرسة
وكالة الفهرسة الأصلية DNLM/DLC
وكالة النسخ DLC
وكالة التعديل DLC
042 ## - رمز التحقق
رمز التحقق pcc
082 00 - رقم تصنيف ديوى العشرى
رقم التصنيف 572.8
رقم المادة OMR
رقم الطبعة 21
100 1# - المدخل الرئيسى - إسم شخصى
الإسم الشخصى Osborn, Michael
9 (RLIN) 37757
245 10 - بيان العنوان
العنوان Recent advances in cytology and genetics /
بيان المسئوليه,etc .Michael Osborn
260 ## - PUBLICATION, DISTRIBUTION, ETC. (IMPRINT)
مكان الناشر او الموزع New Delhi :
اسم الناشر او الموزع Random Exports,
تاريخ النشر أو التوزيع 2013.
300 ## - الوصف المادى
التعداد 304 p. :
تفاصيل ماديه اخرى للوعاء ill. ;
أبعاد الوعاء 25 cm.
490 1# - بيان السلسلة
عنوان السلسلة BMS explained
504 ## - تبصرة ببليوجرافية
تبصرة ببليوجرافية,الخ Includes bibliographical references and index.
650 #0 - المدخل الاضافى بالموضوع-مصطلح موضوعى
مصطلح موضوعي أو اسم جغرافي كعنصر مدخل cytology
9 (RLIN) 17250
650 #0 - المدخل الاضافى بالموضوع-مصطلح موضوعى
مصطلح موضوعي أو اسم جغرافي كعنصر مدخل genetics
9 (RLIN) 37758
830 #0 - المدخل الاضافى بالسلسلة -عنوان موحد
عنوان موحد Biomedical sciences explained series.
9 (RLIN) 37760
906 ## - عنصر بيانات محلى F, LDF (RLIN)
a 7
b cbc
c pccadap
d 1
e ocip
f 19
g y-gencatlg
942 ## - عناصر المدخل الإضافي( كوها)
مصدر التصنيف او مخطط الترفيف Dewey Decimal Classification
Koha [default] item type كتاب
المقتنيات
حالة الفقد نموذج السعر الفعال حالة تلف ليس للاعارة رقم الطلب رقم النسخة تاريخ الاكتساب الموقع الحالي الباركود الفرع الرئيسي Date last seen نوع المادة فى نظام كوها مصدر التصنيف او خطة الترفيف Total Checkouts
  2013-10-17   Not For Loan 572.8 OMR 1 2013-10-17 المكتبة المركزية بالمجمعة (CL) 00206787 المكتبة المركزية بالمجمعة (CL) 2013-10-17 كتاب Dewey Decimal Classification  
  2013-10-17     572.8 OMR 2 2013-10-17 المكتبة المركزية بالمجمعة (CL) 00206786 المكتبة المركزية بالمجمعة (CL) 2013-10-17 كتاب Dewey Decimal Classification  
  2013-10-17     572.8 OMR 3 2013-10-17 المكتبة المركزية بالمجمعة (CL) 00206785 المكتبة المركزية بالمجمعة (CL) 2013-10-17 كتاب Dewey Decimal Classification  
  2013-10-17   Not For Loan 572.8 OMR 1 2013-10-17 مكتبة مجمع الكليات بالزلفى - طلاب (SZM) 00206949 مكتبة مجمع الكليات بالزلفى - طلاب (SZM) 2013-10-17 كتاب Dewey Decimal Classification  
  2013-10-17     572.8 OMR 2 2013-10-17 مكتبة مجمع الكليات بالزلفى - طلاب (SZM) 00206950 مكتبة مجمع الكليات بالزلفى - طلاب (SZM) 2013-10-17 كتاب Dewey Decimal Classification